00353nam a2200133Ia 4500008004100000041000800041082001700049100002000066245004500086250001500131260003800146300002600184365000900210240624s9999 xx 000 0 und d aeng a658.408 LAW  aLAWRENCE ANNE T aBUSINESS AND SOCIETY STAKEHOLDERS ETHICS a(14th ed.) c2014aNew YorkbTata McGraw- Hill axviii, 569 p.; 25 cm. cb38